| 000 | 00663nam a22002177a 4500 | ||
|---|---|---|---|
| 001 | 77529 | ||
| 003 | BD-RjUL | ||
| 005 | 20211209083000.0 | ||
| 008 | 201028s1967 enk||||| |||| 00| 0 eng d | ||
| 035 | _a(BD-RjUL)77754 | ||
| 040 |
_aBD-RjUL _beng _cBD-RjUL |
||
| 041 | _aeng | ||
| 082 |
_223 _a822.33 _bSHA 1967 |
||
| 245 | 0 | 0 |
_aShakespeare's comedies : _bAn anthology of modern criticism / _cEdited by Laurence Lerner. |
| 260 |
_aHarmondsworth : _bPenguin Books, _cc1967. |
||
| 300 |
_a345 pages ; _c19 cm. |
||
| 600 |
_aShakespeare, William, _d1564-1616 _9241934 |
||
| 650 |
_aHumorous plays _9241932 |
||
| 700 |
_aLerner, Laurence _9241935 |
||
| 942 |
_2ddc _cBK |
||
| 999 |
_c77529 _d77529 |
||